| 000 -ლიდერი |
| ფიქსირებული სიგრძის საკონტროლო ველი |
01024nam a22002057a 4500 |
| 003 - საკონტროლო ნომრის იდენტიფიკატორი |
| საკონტროლო ველი |
Ge_BSU |
| 005 - ბოლო ოპერაციის თარიღი და დრო |
| საკონტროლო ველი |
20221215142534.0 |
| 008 - ფიქსირებული სიგრძის მონაცემთა ელემენტები - ზოგადი ინფორმაცია |
| ფიქსირებული სიგრძის საკონტროლო ველი |
221215s1984ge xxu||||| |||| 00| 0 geo d |
| 041 ## - ენის კოდი |
| Language code of text/sound track or separate title |
geo |
| 080 ## - უნივერსალური ათობითი კლასიფიკაციის ინდექსი |
| Universal Decimal Classification number |
821.353.1-32 ყ-19 |
| 100 ## - მთავარი ჩანაწერი - პიროვნების სახელი |
| Personal name |
ყაზბეგი, ალექსანდრე, 1848-1893, ავტორი. |
| 9 (RLIN) |
16435 |
| 245 ## - ცნობა სათაურის შესახებ |
| Title |
ელგუჯა ; ხევისბერი გოჩა : |
| Remainder of title |
[მოთხრობები] / |
| Statement of responsibility, etc |
ალ. ყაზბეგი ; შესავალი წერილი... ლ. მინაშვილისა. |
| 264 ## - წარმოების, გამოცემის, დისტრიბუციის და სხვა ცნობები |
| გამოცემის, წარმოების, დისტრიბუციის... ადგილი |
თბილისი : |
| გამოცემის, წარმოების, დისტრიბუციის... სახელწოდება |
თბილ. უნ-ტის გამ-ბა, |
| გამოცემის, წარმოების, დისტრიბუციის... თარიღი |
1984. |
| 300 ## - ფიზიკური აღწერა |
| Extent |
352 გვ. : |
| Other physical details |
ილ ; |
| Dimensions |
20 სმ. |
| 501 ## - შენიშვნა თანმხლებ მასალაზე |
| With note |
ლექსიკონი: გვ. 340-351. |
| 653 ## - INDEX TERM--UNCONTROLLED |
| Uncontrolled term |
ელგუჯა ; ხევისბერი გოჩა |
| 653 ## - INDEX TERM--UNCONTROLLED |
| Uncontrolled term |
მოთხრობები |
| 700 ## - ADDED ENTRY--PERSONAL NAME |
| Personal name |
მინაშვილი, ლ |
| Relator term |
შესავალი წერილი |
| 9 (RLIN) |
16436 |
| 942 ## - ADDED ENTRY ELEMENTS (KOHA) |
| Source of classification or shelving scheme |
|
| Koha item type |
წიგნი |